Pohřebiště staršího eneolitu a šňůrové keramiky ve Vliněvsi = Gräberfeld des älteren Äneolithikums und der Schnurkeramik in Vliněves /

Hlavní autor: Dobeš, Miroslav, 1961-
Další autoři: Limburský, Petr, 1971-, Brnić, Želimir, 1958-
Jazyk: Čeština
Vydáno: Praha : Archeologický ústav AV ČR, Praha, 2013
Edice: Archeologické studijní materiály
Témata:
Fyzický popis: 192 s. : il., mapy, 1 portrét ; 30 cm
Language note: Německé resumé
Knihy
Uloženo v:
LEADER 02511nam a2200613 a 4500
001 nkc20132534924
003 CZ PrNK
005 20220402171326.0
007 ta
008 131211s2013 xr abc f 000 0 cze
015 |a cnb002534924 
020 |a 978-80-87365-65-6  |q (brož.) 
035 |a (OCoLC)870288687 
040 |a BOA001  |b cze  |d ABA001  |d OLA001 
041 0 |a cze  |b ger 
043 |a e-xr---  |b e-xr-st  |2 czenas 
072 7 |a 902  |x Archeologie  |2 Konspekt  |9 8 
080 |a 902.2  |2 MRF 
080 |a 903.2  |2 MRF 
080 |a 903.5  |2 MRF 
080 |a 903"636"  |2 MRF 
080 |a 903'14  |2 MRF 
080 |a (437.312)  |2 MRF 
080 |a (048.8)  |2 MRF 
100 1 |a Dobeš, Miroslav,  |d 1961-  |7 ola2003174863  |4 aut 
245 1 0 |a Pohřebiště staršího eneolitu a šňůrové keramiky ve Vliněvsi =  |b Gräberfeld des älteren Äneolithikums und der Schnurkeramik in Vliněves /  |c Miroslav Dobeš, Petr Limburský ; s příspěvky Želimira Brniće ... [et al.] 
246 3 1 |a Gräberfeld des älteren Äneolithikums und der Schnurkeramik in Vliněves 
260 |a Praha :  |b Archeologický ústav AV ČR, Praha,  |c 2013 
300 |a 192 s. :  |b il., mapy, 1 portrét ;  |c 30 cm 
490 1 |a Archeologické studijní materiály ;  |v 22 
504 |a Obsahuje bibliografii a bibliografické odkazy 
546 |a Německé resumé 
650 0 7 |a archeologické výzkumy  |7 ph118577  |z Česko  |2 czenas 
650 0 7 |a archeologické nálezy  |7 ph137683  |z Česko  |2 czenas 
650 0 7 |a pohřebiště  |7 ph137684  |z Česko  |2 czenas 
650 0 7 |a eneolit  |7 ph250074  |z Česko  |2 czenas 
650 0 7 |a kultura se šňůrovou keramikou  |7 ph135891  |z Česko  |2 czenas 
650 0 9 |a excavations (archaeology)  |z Czechia  |2 eczenas 
650 0 9 |a antiquities  |z Czechia  |2 eczenas 
650 0 9 |a cemeteries  |z Czechia  |2 eczenas 
650 0 9 |a eneolithic period  |z Czechia  |2 eczenas 
650 0 9 |a corded ware culture  |z Czechia  |2 eczenas 
651 7 |a Vliněves (Dolní Beřkovice, Česko)  |7 ge381068  |2 czenas 
651 9 |a Vliněves (Dolní Beřkovice, Czechia)  |2 eczenas 
655 7 |a kolektivní monografie  |7 fd501537  |2 czenas 
655 9 |a collective monographs  |2 eczenas 
700 1 |a Limburský, Petr,  |d 1971-  |7 xx0056515  |4 aut 
700 1 |a Brnić, Želimir,  |d 1958-  |7 hka2017964014  |4 aut 
830 0 |a Archeologické studijní materiály  |0 s 
910 2 |a BOA001  |b 4-1317.006 
990 |a BK 
995 |a 01 
991 |b 201401  |c NOV  |e n 
996 6 |b 2610573931  |c 4-1317.006  |l MZK  |r Sklad / do 1 hodiny  |n 0  |p p.v.  |w 001388900  |u 000010  |a 1  |e BOA001  |j MZK50  |s P